Joueurs de Ligue 1 ou Ligue 2 à l'Euro 2020 - Statistiques

Statistiques générales
  • Ce quiz a été pris 530 fois
  • Le résultat moyen est 19 sur 31
Statistiques - réponses
Nation Club % Correct
France Paris SG Kylian Mbappé
92%
Italie Paris SG Marco Verrati
84%
Pays-Bas Olympique Lyonnais Memphis Depay
84%
Pologne Olympique de Marseille Arkadiusz Milik
81%
France Paris SG Presnel Kimpembe
81%
Russie AS Monaco Aleksandr Golovin
80%
Belgique Olympique Lyonnais Jason Denayer
80%
Turquie Lille OSC Burak Yilmaz
79%
Danemark OGC Nice Kasper Dolberg
79%
Croatie Olympique de Marseille Duje Caleta-Car
77%
Portugal Olympique Lyonnais Anthony Lopes
74%
Allemagne AS Monaco Kevin Volland
74%
France AS Monaco Wissam Ben Yedder
72%
Belgique Stade Rennais FC Jéremy Doku
71%
France Olympique de Marseille Steve Mandanda
71%
Portugal Lille OSC José Fonte
69%
France Lille OSC Mike Maignan
68%
Espagne Paris SG Pablo Sarabia
66%
Portugal Paris SG Danilo Pereira
65%
Portugal Lille OSC Renato Sanches
65%
Turquie Lille OSC Yusuf Yazici
62%
France Olympique Lyonnais Léo Dubois
60%
Belgique RC Strasbourg Alsace Matz Sels
59%
Turquie Lille OSC Zeki Celik
57%
Croatie Lille OSC Domagoj Bradaric
43%
Italie Paris SG Alessandro Florenzi
42%
Suisse Montpellier HSC Jonas Omlin
39%
Suisse OGC Nice Jordan Lotomba
21%
Suisse Girondins de Bordeaux Loris Benito
19%
Turquie Le Havre AC Umut Meras
7%
Macédoine du Nord FC Chambly Oise Vlatko Stojanovski
2%
Aucun quiz correspondant
Distribution des résultats
% des personnes avec chaque résultat
Percentile par nombre de réponses
Votre historique - résultats
Vous n’avez pas pris ce quiz